Análisis de las reformas a diversas disposiciones fiscales : 1981 /

Gardado en:
Detalles Bibliográficos
Formato: Libro
Idioma:Lingua castelá
Temas:
Etiquetas: Engadir etiqueta
Sen Etiquetas, Sexa o primeiro en etiquetar este rexistro!

MARC

LEADER 00000nam^a2200000^a^4500
001 000273808
005 20250521000000.0
009 20260310111141.533
037 |a Acervo ITESO - Biblioteca 
041 |a ESP 
082 |a 343. 7204  |b ANA 
245 0 0 |a Análisis de las reformas a diversas disposiciones fiscales :  |b 1981 / 
264 |a lugar de publicación no identificado :  |b Despacho Padilla y Asociados,  |c ca. 1981 
300 |a 110 p. 
336 |a texto  |b txt  |2 rdacontenido 
337 |a sin mediación  |b n  |2 rdamedio 
338 |a volumen  |b nc  |2 rdasoporte 
649 |a XX 
650 |a Reforma Fiscal -  |z México -  |x Historia -  |y 1976-1982 -  |x Tema Principal 
650 |a Derecho Fiscal -  |z México 
650 |a Derecho Público -  |z México 
910 |a Fondo General 
920 |a Impresos - Libros 
930 |a Colección General 
905 |a 101 
901 |a 0500159822  |b IT1  |c ACC  |u 20250521 
902 |a https://opac.biblio.iteso.mx/vufind/Record/000273808